Bojovou a víťaznou cestou života Pri významnom jubileu záslužilého umelca Júliusa Lőrincza

Bibliographic Details
Main Author: Ševčíková, Zuzana, 1947- (Author)
Format: Article
Language:Slovak
Subjects:

MARC

LEADER 00000nab a2200000 a 4500
001 vtls000049218
003 SK-MaSNL
005 20260303202252.0
008 111103c1980 xo 0 slo
015 |a SNBRB19rr/mm-uuuuu 
035 |a CL0059314 
040 |a SNKBUCL  |b slo  |c SNKBUCL  |e AACR2 
041 0 |a slo 
044 |a xo  |c SK 
080 |a 75  |2 1981 
080 |a 92 Lőrincz, Július  |2 1981 
100 1 |a Ševčíková, Zuzana,  |d 1947-  |4 aut  |9 196030 
245 1 0 |a Bojovou a víťaznou cestou života  |b Pri významnom jubileu záslužilého umelca Júliusa Lőrincza  |c Zuzana Ševčíková 
600 1 7 |a Lőrincz, Július,  |d 1910-1980  |2 snkbucl  |9 48954 
655 7 |a články z novín a časopisov  |2 snkbucl  |9 267496 
773 0 |t Pravda  |g Roč. 61, č. 13 (16. 1. 1980), s. 5 
850 |a Slovenská národná knižnica v Martine  |a MTA001 
852 |a SNK  |b KIS3GCP 
958 |a RK 
992 |a RBX 
999 |c 2178686  |d 2180616